000 00748nam a2200217Ia 4500
008 130821s2004 sp gr spa
020 _a8481696226
040 _aCo-BoUCM
_bspa
041 0 0 _aspa
245 1 0 _a10 palabras claves sobre paz y violencia en las religiónes
_cJuan José Tamayo
260 _aNavarra (España)
_bEditorial Verbo Divino
_c2004
300 _a279 páginas
650 0 4 _aGuerra y religión
_916636
650 0 4 _aIglesia y problemas sociales
_917145
650 0 4 _aPaz
_xAspectos religiosos
_921202
650 0 4 _aReligiones
_923519
650 0 4 _aViolencia
_xAspectos religiosos
_944675
700 1 _aTamayo, Juan José.
_edir.
_9161750
942 _cLIBRO
_a5
_e1
_mD568
_2DEWEY
_h303.6
999 _c45125
_d45125